| 000 | 00843nam a2200181 u 4500 | ||
|---|---|---|---|
| 001 | 000265296 | ||
| 003 | AM-YeHGA | ||
| 005 | 20250617125354.0 | ||
| 008 | 030924s1958 ai r 000 0 arm d | ||
| 040 | _aAM-YeHGA | ||
| 100 | 1 | _aՕզմիդով, Վ. | |
| 245 | 1 | 0 |
_aԲռնցքամարտի արվեստը / _cՎ. Օզմիդով; Հայկական ՍՍՌ Մինիստրների սովետին կից ֆիզիկ. կուլտուրայի և սպորտի կոմ. |
| 260 |
_aԵրևան : _bՀՍՍՌ քաղ. և գիտ. գիտելիքների տարածման ընկ. հրատ, _c1958. |
||
| 300 |
_a50 էջ : _bաղս. ; _c20 սմ. |
||
| 650 | 1 | 4 |
_aՍպորտ _xբռնցքամարտ |
| 710 | 2 | _aՀայկական ՍՍՌ Մինիստրների սովետին կից ֆիզիկական կուլտուրայի և սպորտի կոմիտե | |
| 090 | _c97674 | ||
| 999 |
_c96369 _d96369 |
||